|
|
|
|
| LEADER |
03091nam a22006015i 4500 |
| 001 |
978-3-319-42945-8 |
| 003 |
DE-He213 |
| 005 |
20160725230510.0 |
| 007 |
cr nn 008mamaa |
| 008 |
160725s2016 gw | s |||| 0|eng d |
| 020 |
|
|
|a 9783319429458
|9 978-3-319-42945-8
|
| 024 |
7 |
|
|a 10.1007/978-3-319-42945-8
|2 doi
|
| 040 |
|
|
|d GrThAP
|
| 050 |
|
4 |
|a Q334-342
|
| 050 |
|
4 |
|a TJ210.2-211.495
|
| 072 |
|
7 |
|a UYQ
|2 bicssc
|
| 072 |
|
7 |
|a TJFM1
|2 bicssc
|
| 072 |
|
7 |
|a COM004000
|2 bisacsh
|
| 082 |
0 |
4 |
|a 006.3
|2 23
|
| 245 |
1 |
0 |
|a Cultural Robotics
|h [electronic resource] :
|b First International Workshop, CR 2015, Held as Part of IEEE RO-MAN 2015, Kobe, Japan, August 31, 2015. Revised Selected Papers /
|c edited by Jeffrey T.K.V. Koh, Belinda J. Dunstan, David Silvera-Tawil, Mari Velonaki.
|
| 264 |
|
1 |
|a Cham :
|b Springer International Publishing :
|b Imprint: Springer,
|c 2016.
|
| 300 |
|
|
|a VIII, 191 p. 49 illus.
|b online resource.
|
| 336 |
|
|
|a text
|b txt
|2 rdacontent
|
| 337 |
|
|
|a computer
|b c
|2 rdamedia
|
| 338 |
|
|
|a online resource
|b cr
|2 rdacarrier
|
| 347 |
|
|
|a text file
|b PDF
|2 rda
|
| 490 |
1 |
|
|a Lecture Notes in Computer Science,
|x 0302-9743 ;
|v 9549
|
| 505 |
0 |
|
|a Culture affecting the design, application and evaluation of robots -- Robots as participants in culture -- Robots as producers of culture: material and non-material -- The advent of robotic culture.
|
| 520 |
|
|
|a This LNAI 9549 constitutes the refereed proceedings of the First International Workshop in Cultural Robotics 2015, held as part of the 24th International Symposium on Robot and Human Interactive Communication held in Kobe, Japan, in August/September 2015. A total of 12 full papers and 1 short paper were accepted from a total of 26 initially submitted. The following papers are organized into four categories. These categories are indicative of the extent to which culture has influenced the design or application of the robots involved, and explore a progression in the emersion and overlap between human and robotic generated culture. .
|
| 650 |
|
0 |
|a Computer science.
|
| 650 |
|
0 |
|a User interfaces (Computer systems).
|
| 650 |
|
0 |
|a Artificial intelligence.
|
| 650 |
|
0 |
|a Computers and civilization.
|
| 650 |
|
0 |
|a Robotics.
|
| 650 |
|
0 |
|a Automation.
|
| 650 |
1 |
4 |
|a Computer Science.
|
| 650 |
2 |
4 |
|a Artificial Intelligence (incl. Robotics).
|
| 650 |
2 |
4 |
|a Computers and Society.
|
| 650 |
2 |
4 |
|a User Interfaces and Human Computer Interaction.
|
| 650 |
2 |
4 |
|a Robotics and Automation.
|
| 650 |
2 |
4 |
|a Information Systems Applications (incl. Internet).
|
| 700 |
1 |
|
|a Koh, Jeffrey T.K.V.
|e editor.
|
| 700 |
1 |
|
|a Dunstan, Belinda J.
|e editor.
|
| 700 |
1 |
|
|a Silvera-Tawil, David.
|e editor.
|
| 700 |
1 |
|
|a Velonaki, Mari.
|e editor.
|
| 710 |
2 |
|
|a SpringerLink (Online service)
|
| 773 |
0 |
|
|t Springer eBooks
|
| 776 |
0 |
8 |
|i Printed edition:
|z 9783319429441
|
| 830 |
|
0 |
|a Lecture Notes in Computer Science,
|x 0302-9743 ;
|v 9549
|
| 856 |
4 |
0 |
|u http://dx.doi.org/10.1007/978-3-319-42945-8
|z Full Text via HEAL-Link
|
| 912 |
|
|
|a ZDB-2-SCS
|
| 912 |
|
|
|a ZDB-2-LNC
|
| 950 |
|
|
|a Computer Science (Springer-11645)
|